000 00701nam a2200205Ia 4500
005 20241129111342.0
008 241129s9999||||xx |||||||||||||| ||und||
037 _aTB
040 _aCRL
_bpun
_cCRL
041 _apun
_2pun
084 _aQ8441wM82 153R1
_qCRL
100 _aਸਿੰਘ, ਪਿਆਰ, ਚ।
245 0 _aਤੇਜਾ ਸਿੰਘ ਸਮੁਦ੍ਰੀ
_cਸਿੰਘ, ਪਿਆਰ, ਚ।
260 _aਅੰਮ੍ਰਿਤਸਰ, ਭਾਰਤ
_bਅੰਮ੍ਰਿਤਸਰ ਪੰਜਾਬੀ ਭਾਸ਼ਾ
_c2021
300 _a192ਪ੍ਰ0
365 _aINR
_b465
650 _aSikhismReligion
942 _cTB
_hQ8441wM82 153R1
999 _c1230065
_d1230065